000 00508nam a2200169 4500
001 138427
003 ES-MaACL
005 20230906195550.0
007 t|
008 070214s1962 sp r ||||1| spa d
100 1 _aSandy, Isabel.
_9103125
245 1 0 _aNunca he visto a Dios /
_cIsabel Sandy ; traducción de Inés García Escalera.
260 _aMadrid :
_bStudium,
_c1962.
300 _a109 p., 8 lám. ;
_c18 cm.
700 1 _aGarcía Escalera, Inés.
_954568
852 _aES-MaACL
_jC-25484
_bR.51032
999 _c138427
_d138427